[Event "Lichtenrader Herbst 2017"]
[Site "Berlin"]
[Date "2017.10.30"]
[Round "3.18"]
[White "Vogel, Constantin"]
[Black "Florstedt, Johannes"]
[Result "0-1"]
[WhiteElo "1998"]
[BlackElo "2278"]
[PlyCount "66"]
[EventDate "2017.??.??"]

1. c4 e5 2. g3 Nf6 3. Bg2 c6 4. d4 e4 5. d5 cxd5 6. cxd5 Bb4+ 7. Nc3 Bxc3+ 8.
bxc3 Qa5 9. Qc2 O-O 10. Nh3 Qxd5 11. Bg5 d6 12. Bxf6 Bxh3 13. Bxe4 Qe6 14. Bxb7
Qxf6 15. Bxa8 Na6 16. Be4 Nb4 17. Qd2 Re8 18. Rc1 Na6 19. Bc6 Re5 20. f3 g5 21.
Kf2 d5 22. Qd4 Nc7 23. Rhd1 Ne6 24. Qxa7 g4 25. Bxd5 Nf4 26. Be4 Nxe2 27. Qa8+
Kg7 28. Rc2 gxf3 29. Bxf3 Qb6+ 30. Ke1 Nxc3+ 31. Re2 Qg1+ 32. Kd2 Qd4+ 33. Kc2
Bf5+ 0-1

[Event "Lichtenrader Herbst 2017"]
[Site "Berlin"]
[Date "2017.10.30"]
[Round "3.19"]
[White "Moeller, Hendrik"]
[Black "Hahlbohm, Matthias"]
[Result "1-0"]
[WhiteElo "2173"]
[BlackElo "1972"]
[PlyCount "89"]
[EventDate "2017.??.??"]

1. c4 Nf6 2. Nf3 e6 3. g3 d5 4. Bg2 d4 5. O-O c5 6. e3 Nc6 7. exd4 cxd4 8. Re1
Bd6 9. a3 a5 10. Qc2 O-O 11. d3 h6 12. Nbd2 e5 13. c5 Bc7 14. Nc4 Re8 15. Rb1
Bf5 16. Nfd2 Be6 17. b4 axb4 18. axb4 Bd5 19. Bh3 b5 20. cxb6 Bxb6 21. b5 Nb8
22. Rxe5 Rxe5 23. Nxe5 Nbd7 24. Nc6 Qe8 25. Bb2 Rc8 26. Ne7+ Qxe7 27. Qxc8+ Kh7
28. Kf1 Qb4 29. Bc1 Qa4 30. Ke2 Nc5 31. Qf5+ Kh8 32. Qe5 Ba5 33. Bf5 Bc3 34.
Qb8+ Ng8 35. Qd6 Ba2 36. Qxc5 Bxb1 37. Nc4 Qc2+ 38. Bd2 Bxd2 39. Kf3 Qc3 40.
Nd6 g6 41. Qa7 gxf5 42. Nxf7+ Kg7 43. Nd8+ Kh8 44. Nf7+ Kg7 45. Ng5+ 1-0

[Event "Lichtenrader Herbst 2017"]
[Site "Berlin"]
[Date "2017.10.30"]
[Round "3.21"]
[White "Dathe, Frederick"]
[Black "Lorenz, Sascha"]
[Result "0-1"]
[WhiteElo "1825"]
[BlackElo "2150"]
[PlyCount "94"]
[EventDate "2017.??.??"]

1. Nf3 d5 2. g3 Nf6 3. Bg2 c6 4. c4 Bf5 5. O-O e6 6. b3 Be7 7. Bb2 O-O 8. d3 h6
9. Nbd2 Bh7 10. Re1 Nbd7 11. e4 Nc5 12. Ne5 dxe4 13. dxe4 Qb6 14. Qc2 Rad8 15.
Rad1 Bd6 16. Nef3 Be7 17. Ne5 Rfe8 18. a3 Bd6 19. Nef3 Ng4 20. Rf1 Bf8 21. h3
Nf6 22. Ne5 a5 23. Bc3 Ncd7 24. Qb2 Nxe5 25. Bxe5 Nd7 26. Bd4 Qc7 27. e5 Bc5
28. Bc3 Bf8 29. Ne4 Nc5 30. Nxc5 Bxc5 31. b4 axb4 32. axb4 Bf8 33. Qb3 Bd3 34.
Rfe1 Rd7 35. Rd2 Red8 36. Red1 Be2 37. Rxd7 Rxd7 38. Re1 Bd3 39. Ra1 Rd8 40.
Bf1 Qb6 41. Bxd3 Rxd3 42. Qc2 Rxg3+ 43. Kh2 Rf3 44. Kg2 Rf4 45. c5 Qd8 46. Rd1
Qg5+ 47. Kh2 Rf3 0-1

[Event "Lichtenrader Herbst 2017"]
[Site "Berlin"]
[Date "2017.10.30"]
[Round "3.22"]
[White "Behrmann, Joachim"]
[Black "Bui, Bao Anh Le"]
[Result "1-0"]
[WhiteElo "2150"]
[BlackElo "1919"]
[PlyCount "45"]
[EventDate "2017.??.??"]

1. d4 d5 2. c4 e6 3. Nc3 c6 4. e3 Nf6 5. Nf3 Nbd7 6. Bd3 dxc4 7. Bxc4 b5 8. Bd3
a6 9. e4 c5 10. d5 exd5 11. e5 Ng8 12. Nxd5 Bb7 13. Be4 Ne7 14. O-O Nxd5 15.
Bxd5 Bxd5 16. Qxd5 Be7 17. Ng5 Nxe5 18. Qxe5 f6 19. Qe4 fxg5 20. Bxg5 Ra7 21.
Rad1 Qc7 22. Rfe1 c4 23. Bxe7 1-0

[Event "Lichtenrader Herbst 2017"]
[Site "Berlin"]
[Date "2017.10.30"]
[Round "3.23"]
[White "Llopis de Aysa, Manuel"]
[Black "Shoipov, Dennie"]
[Result "1-0"]
[WhiteElo "2138"]
[BlackElo "1890"]
[PlyCount "39"]
[EventDate "2017.??.??"]

1. d4 d5 2. c4 e6 3. Nc3 Nf6 4. cxd5 exd5 5. Bg5 Nbd7 6. e3 c6 7. Bd3 Bd6 8.
Qc2 Qc7 9. Nf3 h6 10. Bh4 b6 11. O-O Bb7 12. Rac1 Rc8 13. Qb1 Qb8 14. Bf5 Rc7
15. e4 dxe4 16. Nxe4 Be7 17. Bg3 O-O 18. d5 Nxe4 19. Bxe4 Ba6 20. d6 1-0

[Event "Lichtenrader Herbst 2017"]
[Site "Berlin"]
[Date "2017.10.30"]
[Round "3.24"]
[White "Hesse, Henrik"]
[Black "Kostanyan, Hakob"]
[Result "1-0"]
[WhiteElo "2091"]
[BlackElo "1846"]
[PlyCount "79"]
[EventDate "2017.??.??"]

1. c4 Nf6 2. g3 g6 3. Bg2 Bg7 4. Nc3 d6 5. e3 Nc6 6. Nge2 O-O 7. d3 e5 8. O-O
Be6 9. Rb1 a5 10. a3 Qd7 11. e4 Ne7 12. f4 c6 13. Na4 Qc7 14. fxe5 dxe5 15. Be3
b5 16. cxb5 cxb5 17. Rc1 Qd8 18. Nc5 Ng4 19. Bg5 h6 20. Bd2 Qb6 21. h3 Nf6 22.
Be3 Kh7 23. Qd2 Qd6 24. Nxe6 Qxe6 25. Rc5 Rfb8 26. Nc3 b4 27. Nb5 Qd7 28. a4
Nc6 29. Rfc1 Ra6 30. Qc2 Rc8 31. Qc4 Bf8 32. Rxe5 Nxe5 33. Qxc8 Qxd3 34. Bf4
Nh5 35. Bxe5 Re6 36. Qxf8 Qe3+ 37. Kh2 Rxe5 38. Qxf7+ Ng7 39. Rc7 Rg5 40. Qxg7#
1-0

[Event "Lichtenrader Herbst 2017"]
[Site "Berlin"]
[Date "2017.10.30"]
[Round "3.25"]
[White "Knudsen, Jesper"]
[Black "Tham, Minh"]
[Result "1/2-1/2"]
[WhiteElo "2081"]
[BlackElo "1826"]
[PlyCount "107"]
[EventDate "2017.??.??"]

1. e4 e5 2. Nf3 Nc6 3. Bb5 a6 4. Ba4 Nf6 5. O-O Be7 6. d3 d6 7. c3 O-O 8. Re1
b5 9. Bc2 Nb8 10. a4 Bb7 11. d4 Nbd7 12. Nbd2 Re8 13. Nf1 Bf8 14. Ng3 g6 15.
Bg5 Bg7 16. Qd2 Nb6 17. axb5 axb5 18. Bd3 Qd7 19. Rxa8 Bxa8 20. b3 Bb7 21. d5
Rb8 22. Be3 Nc8 23. h3 Ne7 24. Rd1 Qe8 25. c4 bxc4 26. bxc4 c5 27. Rb1 Qd8 28.
Rb3 Nd7 29. Qb2 Ba6 30. Rxb8 Qxb8 31. Qxb8+ Nxb8 32. Ne1 Nc8 33. Nc2 Nd7 34.
Nf1 Bf6 35. Nd2 Bd8 36. Nb3 Ndb6 37. Na3 Na4 38. Kf1 Kf8 39. Ke2 Ke7 40. g3 f6
41. Bd2 Kd7 42. Nc2 Ke7 43. Ba5 Bxa5 44. Nxa5 Nab6 45. Ne3 Na4 46. Kd2 Ncb6 47.
Kc2 Bc8 48. g4 Bd7 49. Kd2 Nc8 50. Nd1 Nab6 51. Nc3 Be8 52. f3 Bd7 53. Ke3 g5
54. Kd2 1/2-1/2

[Event "Lichtenrader Herbst 2017"]
[Site "Berlin"]
[Date "2017.10.30"]
[Round "3.26"]
[White "Moewisch, Dave"]
[Black "Maetzkow, Maximilian Paul"]
[Result "0-1"]
[WhiteElo "1804"]
[BlackElo "2076"]
[PlyCount "66"]
[EventDate "2017.??.??"]

1. e4 c5 2. Nf3 d6 3. d4 cxd4 4. Nxd4 Nf6 5. Nc3 g6 6. Be3 Bg7 7. f3 a6 8. Qd2
h5 9. Be2 Nbd7 10. a4 Qc7 11. a5 b5 12. axb6 Nxb6 13. O-O O-O 14. Bh6 Bxh6 15.
Qxh6 Qc5 16. Qe3 e5 17. Rfd1 exd4 18. Rxd4 Be6 19. b4 Qc7 20. Rxa6 Rxa6 21.
Bxa6 Nc4 22. Bxc4 Bxc4 23. Qf4 Be6 24. Rd3 Qa7+ 25. Kh1 Qa1+ 26. Nd1 d5 27. e5
Nd7 28. c3 Qa6 29. Nf2 Bf5 30. Rd1 Qe2 31. g4 Bc2 32. Rg1 Qxf2 33. gxh5 Be4 0-1

[Event "Lichtenrader Herbst 2017"]
[Site "Berlin"]
[Date "2017.10.30"]
[Round "3.27"]
[White "Seefeld, Marc"]
[Black "Federau, Juergen"]
[Result "1/2-1/2"]
[WhiteElo "1781"]
[BlackElo "2059"]
[PlyCount "94"]
[EventDate "2017.??.??"]

1. e4 c5 2. Nf3 d6 3. d4 cxd4 4. Nxd4 Nf6 5. Nc3 a6 6. Be2 e6 7. O-O Be7 8. Be3
O-O 9. a4 Nc6 10. Nb3 b6 11. f4 Bb7 12. Bf3 Qc7 13. Qe2 Nd7 14. Rfd1 Rfd8 15.
g3 Nc5 16. Nxc5 bxc5 17. Rd2 Bf6 18. Nd1 Nd4 19. Bxd4 Bxd4+ 20. Kg2 Bf6 21. c3
a5 22. Ne3 Ba6 23. Qd1 Rab8 24. Qc2 Be7 25. h4 Rb6 26. f5 Re8 27. fxe6 fxe6 28.
Bh5 g6 29. Bg4 Bf8 30. Nf1 Bb7 31. Bf3 Bg7 32. Rad1 Rf8 33. Nh2 Bh6 34. Rf2 Ba6
35. Ng4 Bg7 36. Be2 Rxf2+ 37. Nxf2 Bxe2 38. Qxe2 Qb7 39. Rd2 Qf7 40. Qc4 Qe7
41. Nh3 Bh6 42. Rf2 Be3 43. Re2 Bc1 44. b3 Bh6 45. Rf2 Rb8 46. Nf4 Bxf4 47.
Rxf4 Rf8 1/2-1/2

[Event "Lichtenrader Herbst 2017"]
[Site "Berlin"]
[Date "2017.10.30"]
[Round "3.28"]
[White "Wierzbicki, Jirawat"]
[Black "Starke, Rene Reiner"]
[Result "1-0"]
[WhiteElo "2052"]
[BlackElo "1863"]
[PlyCount "91"]
[EventDate "2017.??.??"]

1. e4 c6 2. d4 d5 3. exd5 cxd5 4. Bd3 Nc6 5. c3 Qc7 6. Na3 a6 7. Nc2 Nf6 8. h3
g6 9. Nf3 Bf5 10. O-O Bxd3 11. Qxd3 Bg7 12. Re1 O-O 13. Ne5 e6 14. Bf4 Nxe5 15.
Bxe5 Qb6 16. b3 Rac8 17. Ne3 Ne4 18. c4 Bxe5 19. dxe5 Nc5 20. Qd2 dxc4 21. Ng4
h5 22. Nf6+ Kg7 23. Nxh5+ Kh7 24. Qg5 Qd8 25. Nf6+ Kg7 26. Rad1 Qa5 27. h4 Rh8
28. h5 cxb3 29. hxg6 fxg6 30. Nd7 Rh5 31. Qf6+ Kh7 32. Nxc5 Qxc5 33. Rd7+ Kh6
34. Qf4+ Rg5 35. Re3 Qxe3 36. Qxe3 b2 37. Rd1 Rc4 38. Rb1 Rb4 39. a3 Rb5 40. f4
Rf5 41. Qd2 g5 42. fxg5+ Rxg5 43. Rxb2 Rbxe5 44. Rxb7 Kg6 45. Qd3+ Rgf5 46. g4
1-0

[Event "Lichtenrader Herbst 2017"]
[Site "Berlin"]
[Date "2017.10.30"]
[Round "3.29"]
[White "Grozea, Filip"]
[Black "Sulayev, Daniel"]
[Result "0-1"]
[WhiteElo "1423"]
[BlackElo "2029"]
[PlyCount "50"]
[EventDate "2017.??.??"]

1. e4 c5 2. b3 Nc6 3. Bb2 d6 4. Bb5 Bd7 5. f4 a6 6. Bxc6 Bxc6 7. d3 e6 8. Nf3
Nf6 9. Nbd2 b5 10. O-O d5 11. Ne5 Bb7 12. exd5 Qxd5 13. Qf3 Be7 14. c4 Qxf3 15.
Ndxf3 O-O 16. Kh1 Rac8 17. Rad1 h6 18. Rd2 Rfd8 19. d4 Ne4 20. Rdd1 Ba8 21. Ba1
f6 22. Nd3 bxc4 23. bxc4 cxd4 24. Nxd4 Rxc4 25. Nxe6 Rxd3 0-1

[Event "Lichtenrader Herbst 2017"]
[Site "Berlin"]
[Date "2017.10.30"]
[Round "3.30"]
[White "Piotrowski, Christopher"]
[Black "Verbitsky, Jaroslaw"]
[Result "1-0"]
[WhiteElo "2121"]
[BlackElo "1754"]
[PlyCount "41"]
[EventDate "2017.??.??"]

1. c4 c6 2. g3 d5 3. Nf3 Nf6 4. Bg2 e6 5. b3 g6 6. O-O Bg7 7. Ba3 Ne4 8. d4 Nd6
9. Nc3 O-O 10. Re1 Re8 11. e4 dxe4 12. Nxe4 Nxe4 13. Rxe4 b6 14. Qe2 Bb7 15.
Rd1 Nd7 16. Re3 Qc7 17. Ng5 Nf6 18. Bh3 Bc8 19. d5 cxd5 20. cxd5 e5 21. d6 1-0

[Event "Lichtenrader Herbst 2017"]
[Site "Berlin"]
[Date "2017.10.31"]
[Round "4.1"]
[White "Biriukov, Nikolai"]
[Black "Kryakvin, Dmitry"]
[Result "1/2-1/2"]
[WhiteElo "2250"]
[BlackElo "2583"]
[PlyCount "111"]
[EventDate "2017.??.??"]

1. d4 d5 2. c4 c6 3. Nf3 Nf6 4. Nc3 dxc4 5. a4 a5 6. Ne5 Ng4 7. Nxc4 e5 8. e3
Na6 9. Be2 exd4 10. exd4 Nf6 11. Ne3 Bb4 12. O-O Be6 13. f4 Nc7 14. f5 Bd5 15.
Nexd5 Ncxd5 16. Nxd5 Nxd5 17. f6 Nxf6 18. Bg5 Be7 19. Qb3 O-O 20. Qxb7 Qxd4+
21. Kh1 Ra7 22. Bxf6 Bxf6 23. Qxc6 Qxb2 24. Rae1 Bc3 25. Rb1 Qxe2 26. Qxc3 Ra6
27. Rfe1 Qg4 28. Qc5 Raa8 29. Qb5 h6 30. Re7 Rab8 31. Qxb8 Rxb8 32. Rxb8+ Kh7
33. Rb1 f6 34. Ra1 h5 35. h3 Qd4 36. Rb1 Qxa4 37. Rbb7 Qa1+ 38. Kh2 f5 39. Rb5
Qd1 40. Ree5 g6 41. Red5 Qc1 42. Rxa5 Qc7+ 43. Kh1 f4 44. Rdc5 Qe7 45. Re5 Qf6
46. Re1 Qb2 47. Ra7+ Kh6 48. Rf7 Kg5 49. Rf1 Qd4 50. Rf3 h4 51. Kh2 Qe5 52.
R7xf4 Qxf4+ 53. Rxf4 Kxf4 54. Kg1 Ke3 55. Kf1 g5 56. Ke1 1/2-1/2

[Event "Lichtenrader Herbst 2017"]
[Site "Berlin"]
[Date "2017.10.31"]
[Round "4.2"]
[White "Mueller, Nick"]
[Black "Stern, Rene"]
[Result "1/2-1/2"]
[WhiteElo "2249"]
[BlackElo "2498"]
[PlyCount "64"]
[EventDate "2017.??.??"]

1. e4 e5 2. Nf3 Nc6 3. Bb5 a6 4. Ba4 Nf6 5. O-O Be7 6. d3 b5 7. Bb3 d6 8. a3
O-O 9. Nc3 Bg4 10. Be3 Nd4 11. Bxd4 exd4 12. Nd5 Nxd5 13. Bxd5 Rc8 14. Bc6 Bf6
15. a4 Bd7 16. Bxd7 Qxd7 17. axb5 axb5 18. Qe2 Ra8 19. h3 g6 20. Nh2 Bg7 21. f4
Rxa1 22. Rxa1 f5 23. exf5 Qxf5 24. Rf1 Qd7 25. Qf3 d5 26. Rf2 c6 27. Qg4 Qf7
28. Nf1 h5 29. Qg5 Bf6 30. Qh6 Bg7 31. Qg5 Bf6 32. Qh6 Bg7 1/2-1/2

[Event "Lichtenrader Herbst 2017"]
[Site "Berlin"]
[Date "2017.10.31"]
[Round "4.3"]
[White "Ahmadinia, Ebrahim"]
[Black "Foerster, Jonas"]
[Result "1-0"]
[WhiteElo "2410"]
[BlackElo "2229"]
[PlyCount "43"]
[EventDate "2017.??.??"]

1. e4 e6 2. Nf3 d5 3. Nc3 Nf6 4. e5 Nfd7 5. d4 c5 6. dxc5 Nc6 7. Bf4 Bxc5 8.
Bd3 a6 9. O-O Be7 10. Bg3 Nc5 11. a3 O-O 12. Re1 b5 13. Bf1 Bb7 14. b4 Nd7 15.
Ne2 Nb6 16. Ned4 Rc8 17. Nb3 Na4 18. Qd2 Qb6 19. c3 Nxc3 20. Qxc3 Nxb4 21. Qd4
Bc5 22. Qh4 1-0

[Event "Lichtenrader Herbst 2017"]
[Site "Berlin"]
[Date "2017.10.31"]
[Round "4.4"]
[White "Barath M"]
[Black "Polatel, Ali"]
[Result "0-1"]
[WhiteElo "2259"]
[BlackElo "2224"]
[PlyCount "44"]
[EventDate "2017.??.??"]

1. d4 f5 2. c4 Nf6 3. Nc3 g6 4. h4 Bg7 5. h5 Nxh5 6. e4 fxe4 7. Rxh5 gxh5 8.
Qxh5+ Kf8 9. Nxe4 Qe8 10. Qh4 d6 11. Bd3 Nd7 12. Be3 Nf6 13. Ng3 Qf7 14. Nh3
Bxh3 15. Qxh3 e6 16. O-O-O h5 17. Ne4 Nxe4 18. Bxe4 d5 19. Bd3 Re8 20. Qg3 h4
21. Qg4 Qf6 22. Bg5 Qxg5+ 0-1

[Event "Lichtenrader Herbst 2017"]
[Site "Berlin"]
[Date "2017.10.31"]
[Round "4.5"]
[White "Danin, Alexandre"]
[Black "Rahls, Peter"]
[Result "1-0"]
[WhiteElo "2530"]
[BlackElo "2067"]
[PlyCount "69"]
[EventDate "2017.??.??"]

1. Nf3 d5 2. g3 c5 3. Bg2 Nc6 4. d4 Bg4 5. Ne5 Nxe5 6. dxe5 e6 7. c4 d4 8. Bxb7
Rb8 9. Qa4+ Ke7 10. Bg2 Qb6 11. Nd2 f6 12. f4 Nh6 13. Nf3 Bh5 14. O-O Nf5 15.
Qa3 Kf7 16. Re1 Be7 17. b3 Rbd8 18. Bd2 Rd7 19. Qa4 Qc7 20. Bh3 Ne3 21. Bxe3
dxe3 22. g4 Bxg4 23. Bxg4 f5 24. Bh3 g5 25. fxg5 Rg8 26. Rad1 Rd2 27. Bg2 Bxg5
28. Kh1 Bf4 29. Nxd2 exd2 30. Rf1 Qxe5 31. Qd7+ Kf6 32. Rxf4 Qxf4 33. Qxd2 Qf2
34. Qc3+ e5 35. Qh3 1-0

[Event "Lichtenrader Herbst 2017"]
[Site "Berlin"]
[Date "2017.10.31"]
[Round "4.6"]
[White "Kasparov, Sergey"]
[Black "Schnabel, Ralf"]
[Result "1-0"]
[WhiteElo "2450"]
[BlackElo "2161"]
[PlyCount "121"]
[EventDate "2017.??.??"]

1. e4 Nf6 2. e5 Nd5 3. d4 d6 4. Nf3 dxe5 5. Nxe5 c6 6. Be2 Bf5 7. O-O Nd7 8.
Nf3 e6 9. c4 N5f6 10. Nc3 h6 11. d5 Bc5 12. Nd4 Bxd4 13. Qxd4 cxd5 14. cxd5 Qb6
15. Qxb6 Nxb6 16. Bb5+ Ke7 17. dxe6 fxe6 18. Be3 Nbd5 19. Nxd5+ Nxd5 20. Bd4
Kf7 21. Rac1 a6 22. Be2 Rac8 23. h3 Rhe8 24. Be5 Bc2 25. a3 Ba4 26. Rfe1 Bb5
27. Bf3 Rxc1 28. Rxc1 Bc6 29. Be2 Ne7 30. g4 Rd8 31. Rd1 Rxd1+ 32. Bxd1 Bd5 33.
f4 g5 34. Bc7 Be4 35. fxg5 hxg5 36. Bd8 Ke8 37. Bxe7 Kxe7 38. Kf2 Kf6 39. Kg3
Ke5 40. h4 gxh4+ 41. Kxh4 Kf4 42. g5 e5 43. Bh5 Bd5 44. g6 Kf5 45. g7 b6 46.
Bf3 Bf7 47. Bh5 Bg8 48. Be2 a5 49. Kh5 e4 50. b4 axb4 51. axb4 Kf4 52. Kg6 Ke3
53. Ba6 Kd2 54. Kf5 Kc3 55. Kxe4 Kxb4 56. Ke5 Kc5 57. Bc8 b5 58. Be6 Bh7 59.
Kf6 Kd6 60. Bb3 b4 61. Kg5 1-0

[Event "Lichtenrader Herbst 2017"]
[Site "Berlin"]
[Date "2017.10.31"]
[Round "4.7"]
[White "Starostits, Ilmars"]
[Black "Behrmann, Joachim"]
[Result "1-0"]
[WhiteElo "2418"]
[BlackElo "2150"]
[PlyCount "29"]
[EventDate "2017.??.??"]

1. d4 d5 2. Nf3 Nf6 3. Bf4 c5 4. e3 Bf5 5. c4 cxd4 6. Nxd4 Bxb1 7. Rxb1 e5 8.
Bxe5 Bb4+ 9. Ke2 O-O 10. Qb3 Na6 11. Bxf6 Qxf6 12. cxd5 Rfe8 13. Rd1 Rac8 14.
g3 Bc5 15. Bh3 1-0

[Event "Lichtenrader Herbst 2017"]
[Site "Berlin"]
[Date "2017.10.31"]
[Round "4.8"]
[White "Lorenz, Sascha"]
[Black "Malek, Daniel"]
[Result "1-0"]
[WhiteElo "2150"]
[BlackElo "2368"]
[PlyCount "67"]
[EventDate "2017.??.??"]

1. Nf3 Nf6 2. c4 e6 3. g3 d5 4. b3 Be7 5. Bg2 O-O 6. O-O b6 7. Bb2 Bb7 8. e3 c5
9. Qe2 Nc6 10. d3 Qc7 11. Nbd2 Rfd8 12. Ne1 a6 13. f4 b5 14. g4 dxc4 15. bxc4
Rd7 16. g5 Ne8 17. Rf3 Na5 18. Rh3 Bxg2 19. Qxg2 Rad8 20. Ne4 bxc4 21. Qg4 cxd3
22. Qh5 Bxg5 23. fxg5 Rd5 24. Qxh7+ Kf8 25. Nf3 Nc4 26. Bxg7+ Nxg7 27. Qh8+ Ke7
28. Qxg7 d2 29. Qf6+ Kd7 30. Qxf7+ Kc8 31. Qxe6+ Kb7 32. Rd1 Ne5 33. Nxe5 Rxe5
34. Qg6 1-0

[Event "Lichtenrader Herbst 2017"]
[Site "Berlin"]
[Date "2017.10.31"]
[Round "4.9"]
[White "Llopis de Aysa, Manuel"]
[Black "Kalka, Arkadius Georg"]
[Result "0-1"]
[WhiteElo "2138"]
[BlackElo "2286"]
[PlyCount "74"]
[EventDate "2017.??.??"]

1. d4 Nf6 2. c4 g6 3. Nc3 Bg7 4. e4 d6 5. Nf3 O-O 6. Be2 e5 7. d5 a5 8. Bg5 h6
9. Bh4 Na6 10. Nd2 Qe8 11. O-O Nh7 12. a3 Bd7 13. Kh1 h5 14. f3 Bf6 15. Bf2 h4
16. Rb1 a4 17. Nb5 Bg5 18. b4 Kg7 19. Nc3 Nf6 20. c5 Nh5 21. Nc4 Qe7 22. cxd6
cxd6 23. Nb6 Rad8 24. Ncxa4 Bf4 25. Kg1 Qg5 26. Nxd7 Rxd7 27. Qd3 Bxh2+ 28.
Kxh2 Nf4 29. Rg1 Nxd3 30. Bxd3 Qf4+ 31. Kh1 h3 32. Be2 hxg2+ 33. Kxg2 Rc7 34.
b5 Nb8 35. Nb6 Rc2 36. Rge1 Rh8 37. Bg3 Qe3 0-1

[Event "Lichtenrader Herbst 2017"]
[Site "Berlin"]
[Date "2017.10.31"]
[Round "4.10"]
[White "Florstedt, Johannes"]
[Black "Hesse, Henrik"]
[Result "1-0"]
[WhiteElo "2278"]
[BlackElo "2091"]
[PlyCount "123"]
[EventDate "2017.??.??"]

1. e4 g6 2. d4 Bg7 3. Nf3 d6 4. Bc4 Nf6 5. Qe2 c6 6. Bb3 Nbd7 7. Ng5 O-O 8. e5
dxe5 9. dxe5 Qa5+ 10. Nc3 Qxe5 11. Be3 Nb6 12. Nf3 Qc7 13. O-O-O Nbd7 14. h4
Ne5 15. Ne1 Nh5 16. Rg1 Ng4 17. Bg5 Bh6 18. f3 Bxg5+ 19. hxg5 Ng3 20. Qd2 Ne5
21. Qf4 Be6 22. Kb1 Bxb3 23. axb3 Nh5 24. Qh2 f5 25. gxf6 exf6 26. g4 Ng7 27.
f4 Nf7 28. Rh1 h5 29. Nf3 Nh6 30. gxh5 Nxh5 31. Rdg1 Qg7 32. Nh4 g5 33. Ng2 Nf5
34. Qxh5 Ng3 35. Qg4 Nxh1 36. Rxh1 f5 37. Qe2 g4 38. Rh5 Rae8 39. Qc4+ Qf7 40.
Rg5+ Kh7 41. Qf1 Re6 42. Nh4 Rh6 43. Nxf5 Qxf5 44. Rxf5 Rxf5 45. Qd3 Kg6 46.
Ne2 Rh1+ 47. Ka2 Kf6 48. Qc3+ Kg6 49. Ng3 Rh3 50. Qd3 Rxg3 51. Qxg3 Kh5 52. b4
a5 53. bxa5 Rxa5+ 54. Kb3 Rd5 55. Qh2+ Kg6 56. Qh4 Kf5 57. Qg5+ Ke4 58. Qxg4
Rb5+ 59. Kc3 Rf5 60. Qg7 b5 61. Qg2+ Kxf4 62. Qxc6 1-0

[Event "Lichtenrader Herbst 2017"]
[Site "Berlin"]
[Date "2017.10.31"]
[Round "4.11"]
[White "Maetzkow, Maximilian Paul"]
[Black "Heinig, Wolfram"]
[Result "1/2-1/2"]
[WhiteElo "2076"]
[BlackElo "2270"]
[PlyCount "36"]
[EventDate "2017.??.??"]

1. e4 c6 2. d4 d5 3. exd5 cxd5 4. Bd3 Nc6 5. c3 Qc7 6. h3 e5 7. dxe5 Qxe5+ 8.
Qe2 Qxe2+ 9. Nxe2 Bc5 10. Nd2 Nge7 11. Nb3 Bb6 12. O-O O-O 13. Bf4 Bf5 14. Bxf5
Nxf5 15. Ng3 Nxg3 16. Bxg3 Rfe8 17. Rfe1 Re6 18. Rad1 Rae8 1/2-1/2

[Event "Lichtenrader Herbst 2017"]
[Site "Berlin"]
[Date "2017.10.31"]
[Round "4.12"]
[White "Brustkern, Juergen"]
[Black "Wierzbicki, Jirawat"]
[Result "1/2-1/2"]
[WhiteElo "2228"]
[BlackElo "2052"]
[PlyCount "72"]
[EventDate "2017.??.??"]

1. f4 d5 2. Nf3 Nf6 3. e3 e6 4. b3 Bd6 5. Bb2 c5 6. g3 O-O 7. d3 Nc6 8. Nbd2
Qe7 9. Ne5 Bxe5 10. fxe5 Nd7 11. Nf3 f6 12. exf6 Nxf6 13. Bg2 b6 14. Qe2 Bb7
15. O-O-O b5 16. Nd2 a5 17. g4 a4 18. g5 Nd7 19. h4 axb3 20. axb3 Nb4 21. Rdf1
Na2+ 22. Kd1 Nb4 23. Rxf8+ Nxf8 24. c3 Nc6 25. Kc2 Rd8 26. Kb1 Nd7 27. Rg1 Nb6
28. Bh3 Bc8 29. c4 bxc4 30. Bf6 Qb7 31. Bxd8 Na4 32. Rc1 c3 33. Kc2 Nb4+ 34.
Kb1 Nc6 35. Kc2 Nb4+ 36. Kb1 Nc6 1/2-1/2

[Event "Lichtenrader Herbst 2017"]
[Site "Berlin"]
[Date "2017.10.31"]
[Round "4.14"]
[White "Niehaus, Frank"]
[Black "Stigar, Petter"]
[Result "1/2-1/2"]
[WhiteElo "2117"]
[BlackElo "2211"]
[PlyCount "22"]
[EventDate "2017.??.??"]

1. e4 e6 2. d4 d5 3. exd5 exd5 4. c4 Nf6 5. Nc3 Bb4 6. Nf3 O-O 7. Bd3 dxc4 8.
Bxc4 Nc6 9. Be3 Bg4 10. O-O Rb8 11. Be2 Nd5 1/2-1/2

[Event "Lichtenrader Herbst 2017"]
[Site "Berlin"]
[Date "2017.10.31"]
[Round "4.15"]
[White "Sulayev, Daniel"]
[Black "Moeller, Hendrik"]
[Result "0-1"]
[WhiteElo "2029"]
[BlackElo "2173"]
[PlyCount "64"]
[EventDate "2017.??.??"]

1. Nf3 Nf6 2. g3 d5 3. c4 e6 4. Bg2 c5 5. b3 Nc6 6. d3 Be7 7. O-O O-O 8. Bb2 d4
9. e3 e5 10. e4 Ne8 11. Nbd2 Nd6 12. Ne1 f5 13. exf5 Bxf5 14. Ne4 Nxe4 15. dxe4
Be6 16. Nd3 Qd7 17. Qd2 Rf6 18. Rae1 Raf8 19. f4 exf4 20. e5 Rh6 21. Nxf4 Bf5
22. a3 Kh8 23. Kh1 Qe8 24. Bc1 Bd8 25. Qe2 Bg5 26. Bd5 Ne7 27. Bg2 Rb6 28. Nd5
Nxd5 29. cxd5 Bxc1 30. Rxc1 Rxb3 31. Rxf5 Rxf5 32. Qc2 Rxe5 0-1

[Event "Lichtenrader Herbst 2017"]
[Site "Berlin"]
[Date "2017.10.31"]
[Round "4.16"]
[White "Farmani Anosheh, Yasha"]
[Black "Cusnariov, Nikolai"]
[Result "0-1"]
[WhiteElo "2163"]
[BlackElo "2017"]
[PlyCount "78"]
[EventDate "2017.??.??"]

1. Nf3 Nf6 2. c4 e6 3. g3 d5 4. b3 Be7 5. Bg2 O-O 6. O-O c5 7. e3 Nc6 8. Bb2
Qb6 9. cxd5 exd5 10. d4 c4 11. Nbd2 Bf5 12. Ne5 Rac8 13. e4 Nxe5 14. dxe5 Nxe4
15. Nxe4 Bxe4 16. Bxe4 dxe4 17. Qg4 c3 18. Bc1 f5 19. exf6 Bxf6 20. Bg5 Bd4 21.
Qxe4 Rxf2 22. Rxf2 Bxf2+ 23. Kg2 h6 24. Rf1 hxg5 25. Rxf2 Qc6 26. Qxc6 Rxc6 27.
Rc2 Kf7 28. Kf3 b5 29. b4 Rc4 30. a3 Kf6 31. Ke3 Ke5 32. h3 g4 33. h4 g6 34.
Kd3 Kd5 35. Ke3 Re4+ 36. Kd3 Rd4+ 37. Ke3 Kc4 38. Rf2 Rd3+ 39. Kf4 Rf3+ 0-1

[Event "Lichtenrader Herbst 2017"]
[Site "Berlin"]
[Date "2017.10.31"]
[Round "4.17"]
[White "Schmidek, Emil"]
[Black "Kornitzky, Tino"]
[Result "1-0"]
[WhiteElo "2298"]
[BlackElo "1905"]
[PlyCount "89"]
[EventDate "2017.??.??"]

1. e4 e6 2. d4 d5 3. Nc3 dxe4 4. Nxe4 Bd7 5. Nf3 Bc6 6. Neg5 Nd7 7. Bd3 h6 8.
Ne4 Ngf6 9. Qe2 Nxe4 10. Bxe4 Bxe4 11. Qxe4 c6 12. Bd2 Bd6 13. c4 Nf6 14. Qe2
Be7 15. Bc3 Qc7 16. Ne5 a5 17. O-O O-O 18. f4 c5 19. Kh1 cxd4 20. Bxd4 Bc5 21.
Bc3 Rfd8 22. g4 Nd7 23. Nf3 Rac8 24. g5 hxg5 25. fxg5 Bb4 26. g6 Bxc3 27. gxf7+
Kf8 28. bxc3 Nf6 29. Ng5 Qc6+ 30. Rf3 Rd6 31. c5 Rd5 32. Nxe6+ Kxf7 33. Rg1 Rg8
34. Ng5+ Kf8 35. Nh7+ Kf7 36. Qg2 Rdd8 37. Ng5+ Kf8 38. Ne4 Ke7 39. Nd6 Kd7 40.
Rb1 Rb8 41. Rb6 Qxc5 42. Rd3 Ke7 43. Qg6 Qh5 44. Nf5+ Kf8 45. Rxf6+ 1-0

[Event "Lichtenrader Herbst 2017"]
[Site "Berlin"]
[Date "2017.10.31"]
[Round "4.18"]
[White "Chan, Kim Yew"]
[Black "Silz, Elisa"]
[Result "0-1"]
[WhiteElo "2185"]
[BlackElo "1893"]
[PlyCount "102"]
[EventDate "2017.??.??"]

1. d4 Nf6 2. c4 g6 3. Nf3 Bg7 4. Nc3 O-O 5. Bg5 d6 6. e3 c5 7. d5 h6 8. Bh4 a6
9. Bd3 b5 10. cxb5 Nbd7 11. O-O Qa5 12. a4 Qb4 13. Qe2 g5 14. Bg3 Nh5 15. Rfc1
Nxg3 16. hxg3 f5 17. bxa6 Qa5 18. Nd2 Ne5 19. Bb5 Bxa6 20. Ra2 Rfb8 21. Bxa6
Qxa6 22. Qxa6 Rxa6 23. b3 Nd3 24. Rac2 Nxc1 25. Rxc1 Bxc3 26. Rxc3 Rb4 27. Nc4
Kf7 28. Kf1 e6 29. dxe6+ Kxe6 30. Ke2 d5 31. Nd2 Kd6 32. Rc1 Rc6 33. Kd3 Kc7
34. Rh1 Kb6 35. f4 Ka5 36. Rc1 Rb8 37. Rh1 Kb4 38. Rb1 gxf4 39. gxf4 Rg8 40.
Nf3 Rxg2 41. Nh4 Rh2 42. Nxf5 Rc7 43. Nd6 Rg7 44. f5 Rgg2 45. Rd1 Rf2 46. a5
Kxa5 47. b4+ Kxb4 48. Rb1+ Ka4 49. Ra1+ Kb3 50. Rd1 Kb2 51. Nb7 Rc2 0-1